Visualizzazione normale
Vista MARC
- N.d.
di Personal Name
Records bibliografici associati: 13
001 - CONTROL NUMBER
- control field: 35592
003 - CONTROL NUMBER IDENTIFIER
- control field: IT-RoPau
005 - DATE AND TIME OF LATEST TRANSACTION
- control field: 20150727123652.0
008 - FIXED-LENGTH DATA ELEMENTS
- fixed length control field: 150727|| aca||aabn | a|a d
040 ## - CATALOGING SOURCE
- Original cataloging agency: IT-RoPau
- Transcribing agency: IT-RoPau
100 ## - HEADING--PERSONAL NAME
- Personal name: N.d.
670 ## - SOURCE DATA FOUND
- Source citation: Work cat.: (IT-RoPau)106434: N.d., SANTI E PECCATORI-3-ALLA GUIDA DELL'OCCIDENTE SANTI E PECCATORI-3-ALLA GUIDA DELL'OCCIDENTE (Rif. Codice opera principale : H3902)